000 00508cam a2200181 i 4500
020 _a0070255717
040 _cDLC
082 0 0 _a621 GRE 1980 A045 Or.
100 1 _aHall, Douglas V.
245 1 0 _aMicroprocessors and digital systems /
260 _aNew York :
_bGregg Division, McGraw-Hill,
_cc1980.
300 _avi, 426 p. :
_bill. ;
_c29 cm.
650 0 _aElectronic digital computers.
650 0 _aMicroprocessors.
650 0 _aDigital electronics.
650 0 _aIntegrated circuits
942 _cEK
999 _c13335
_d13335